| 000 | 00344nam a22001457a 4500 | ||
|---|---|---|---|
| 003 | SGT | ||
| 020 | _a9789384852887 | ||
| 082 |
_a340.50954 _bPAR |
||
| 100 | _aPARANJAPE N V | ||
| 245 | _aINDIAN LEGAL AND CONSTITUTIONAL HISTORY | ||
| 250 | _a8 | ||
| 260 |
_aFARIDABAD _bCENTRAL LAW AGENCY _c2023 |
||
| 300 | _aXLIV , 579 | ||
| 942 |
_2ddc _cBK _01 |
||
| 999 |
_c24007 _d24007 |
||